|
|
|
|
| LEADER |
00000ckm a2200000 a 4500 |
| 001 |
vtls001207773 |
| 003 |
SK-MaSNL |
| 005 |
20260331203121.0 |
| 007 |
kf co |
| 008 |
230718s1990 xo g 0kuslo |
| 015 |
|
|
|a SNBG1990
|
| 035 |
|
|
|a SNK000150843
|
| 035 |
|
|
|a urn:nbn:sk:snk-km3lwms
|
| 035 |
|
|
|a 1939097C-EFDC-4217-B40B-63AC558EB4C5
|
| 035 |
|
|
|a urn:nbn:sk:snk-km00dr1q
|
| 040 |
|
|
|a SNK
|b slo
|c SNK
|e AACR2
|
| 041 |
0 |
|
|a slo
|
| 043 |
|
|
|a e-xo---
|
| 044 |
|
|
|a xo
|c SK
|
| 072 |
|
7 |
|a 913
|x Regionálna geografia
|2 konspekt
|
| 080 |
|
|
|a 913(437.6)
|2 2011
|
| 080 |
|
|
|a (084.121)
|2 2011
|
| 080 |
|
|
|a 640.412
|2 2011
|
| 080 |
|
|
|a 556.55
|2 2011
|
| 100 |
1 |
|
|a Ondrejkovič, Ivan,
|d 1935-1998
|4 pht
|9 7599
|
| 245 |
1 |
0 |
|a Trenčianske Teplice
|h grafika
|b Sanatórium Krym : Hotel Miramare : jazero na Baračke : Odpočiváreň Hammam
|c foto: I. Ondrejkovič ; výtvarný návrh: J. Býmna
|
| 246 |
1 |
|
|i Názov na obrazovej časti:
|a Trenčianske Teplice
|
| 260 |
|
|
|a Bratislava
|b ČSTK-Pressfoto
|c 1990
|e Skalica
|f Grafobal
|
| 300 |
|
|
|a 1 pohľadnica (4 čiastkové pohľady)
|b farebná
|c 11 x 15 cm
|
| 500 |
|
|
|a Chybne uvedený grafik J. Býmna, správne je J. Býma
|
| 520 |
8 |
|
|a Zobrazenie: Pohľady na sanatórium, hotel, jazero s labuťami a historickú odpočiváreň
|
| 610 |
2 |
7 |
|a Trenčianske Teplice (Slovensko : kúpele)
|2 SNKKA
|9 187705
|
| 650 |
0 |
7 |
|a hotely
|2 SNKPH
|9 18422
|
| 650 |
0 |
7 |
|a jazerá
|2 SNKPH
|9 19987
|
| 651 |
|
7 |
|a Trenčianske Teplice (Slovensko)
|2 SNKPHgeo
|9 14503
|
| 655 |
|
7 |
|a miestne pohľadnice
|2 SNKPH
|9 70510
|
| 700 |
1 |
|
|a Býma, J.
|c (grafik)
|4 art
|9 283282
|
| 852 |
|
|
|a Slovenská národná knižnica
|
| 954 |
|
|
|a pohľadnice pôvodné (slovenské)
|2 lita
|
| 958 |
|
|
|a GBN
|
| 958 |
|
|
|a TL
|
| 958 |
|
|
|a GC
|
| 958 |
|
|
|a OND
|
| 958 |
|
|
|a EUIPO
|
| 999 |
|
|
|c 596355
|d 598285
|
| 952 |
|
|
|a SNK
|b SNK
|y PREZ
|7 0
|p 17A1295862
|o snkSP 143983
|i snk5448/90
|0 0
|1 0
|4 0
|d 2018-10-25
|f 1
|l 0
|r 2026-02-23 15:39:38
|w 2026-02-23
|
| 952 |
|
|
|a SNK
|b SNK
|y PREZ
|7 0
|p 17A1293306
|o snkSP 143983 D1
|i snk5449/90
|0 0
|1 0
|4 0
|d 2018-10-25
|l 0
|r 2026-02-23 15:39:38
|w 2026-02-23
|